000
00274nam a2200121 a 4500
008
100917s1966|||| d
245
1
0
_a
Ruže pre Vás
100
1
_a
Devečková, Anna
260
_b
Smena
_a
Bratislava
_c
1966
044
_a
xo
_c
SK
041
_a
slo
020
_c
7
999
_c
10453
_d
10453